000 00491nam a2200169Ia 4500
008 180921t2011 xxu||||| |||| 00| 0 sin d
041 _asin
080 _a294.3
_bGUN
100 _aGunananda Himi, Kadawatha
245 _aරුවන්වැලි මහා සෑය සහ චූඩමානික්‍ය
246 _aRuwanweli Maha Seya Saha Chuudamanikya
260 _b
_a
_c2011
300 _b39p, 21cm
942 _cBK
999 _c2209
_d2209
003 LK-CoDNM
040 _aLK-CoDNM
_dLK-CoDNM
_eLK-CoDNM